Welcome to CU Library Online Public Access Catalogue (OPAC)

Benchmarking in food and farming (Record no. 1608)

MARC details
000 -LEADER
fixed length control field 00452cam a22001453 4500
001 - CONTROL NUMBER
control field FRBNF420702550000002
003 - CONTROL NUMBER IDENTIFIER
control field http://catalogue.bnf.fr/ark:/12148/cb420702551
005 - DATE AND TIME OF LATEST TRANSACTION
control field 20241127124825.0
008 - FIXED-LENGTH DATA ELEMENTS--GENERAL INFORMATION
fixed length control field 241127b |||||||| |||| 00| 0 eng d
100 ## - MAIN ENTRY--PERSONAL NAME
Personal name 20091007d2009 m y0frey50 ba
245 ## - TITLE STATEMENT
Title Benchmarking in food and farming
300 ## - PHYSICAL DESCRIPTION
Extent Notes bibliogr.
700 ## - ADDED ENTRY--PERSONAL NAME
Materials specified 16210036
Arranged statement for music ISNI0000000080057496
Personal name Jack
Numeration Lisa
Relationship 070
942 ## - ADDED ENTRY ELEMENTS (KOHA)
Source of classification or shelving scheme Library of Congress Classification
Koha item type Books
Suppress in OPAC No
999 ## -
-- 1608
-- 1608
Holdings
Withdrawn status Lost status Source of classification or shelving scheme Damaged status Not for loan Collection Home library Current library Shelving location Date acquired Total checkouts Full call number Barcode Date last seen Copy number Price effective from Koha item type
    Library of Congress Classification     Non-fiction Graduate Library (Christ Temple) Graduate Library (Christ Temple) General stacks 11/27/2024   HD 9000.BEN GSCT00000134 11/27/2024 1 11/27/2024 Books
© 2023-2024 Copyright: Central University Libraries. All Rights Reserved | Created by: Mahone Tech Office